[Event "DEM U18w 2025"]
[Site "Willingen GER"]
[Date "2025.06.14"]
[Round "9"]
[White "Busch, Lara Sophie"]
[Black "Czäczine, Laura"]
[Result "0-1"]
[Termination "normal"]
[Board "9"]
[WhiteElo "1597"]
[BlackElo "1903"]
[WhiteClock "00:02:27"]
[BlackClock "00:09:05"]
[PlyCount "79"]
[WhiteFideId "34664866"]
[BlackFideId "16211448"]
[EventCountry "GER"]
[EventRounds "9"]
[EventType "swiss"]
[EventDate "2025.06.07"]

1. e4 {[%clk 01:30:58]} {[%emt 00:00:02]} e5 {[%clk 01:30:56]} {[%emt
00:00:05]} 2. Nf3 {[%clk 01:31:18]} {[%emt 00:00:09]} Nc6 {[%clk 01:31:22]}
{[%emt 00:00:05]} 3. Bc4 {[%clk 01:31:35]} {[%emt 00:00:13]} Nf6 {[%clk
01:31:46]} {[%emt 00:00:06]} 4. d3 {[%clk 01:31:55]} {[%emt 00:00:11]} Be7
{[%clk 01:32:04]} {[%emt 00:00:12]} 5. c3 {[%clk 01:32:08]} {[%emt 00:00:17]}
O-O {[%clk 01:31:48]} {[%emt 00:00:46]} 6. Bb3 {[%clk 01:31:47]} {[%emt
00:00:51]} d5 {[%clk 01:28:26]} {[%emt 00:03:51]} 7. exd5 {[%clk 01:30:57]}
{[%emt 00:01:21]} Nxd5 {[%clk 01:28:41]} {[%emt 00:00:15]} 8. O-O {[%clk
01:31:04]} {[%emt 00:00:24]} Bg4 {[%clk 01:26:24]} {[%emt 00:02:47]} 9. h3
{[%clk 01:28:37]} {[%emt 00:02:56]} Bh5 {[%clk 01:25:13]} {[%emt 00:01:41]} 10.
g4 {[%clk 01:23:33]} {[%emt 00:05:34]} Bg6 {[%clk 01:25:10]} {[%emt 00:00:32]}
11. Re1 {[%clk 01:23:15]} {[%emt 00:00:49]} Nb6 {[%clk 01:20:59]} {[%emt
00:04:42]} 12. Bc2 {[%clk 01:12:37]} {[%emt 00:11:07]} Bd6 {[%clk 01:11:34]}
{[%emt 00:09:55]} 13. Nbd2 {[%clk 01:09:47]} {[%emt 00:03:20]} f5 {[%clk
01:04:05]} {[%emt 00:07:59]} 14. g5 {[%clk 01:07:17]} {[%emt 00:03:00]} Kh8
{[%clk 00:52:02]} {[%emt 00:12:33]} 15. Nf1 {[%clk 01:04:01]} {[%emt 00:03:45]}
Qd7 {[%clk 00:39:58]} {[%emt 00:12:35]} 16. Kg2 {[%clk 01:01:43]} {[%emt
00:02:46]} Rae8 {[%clk 00:36:37]} {[%emt 00:03:50]} 17. Ng3 {[%clk 00:59:09]}
{[%emt 00:03:06]} f4 {[%clk 00:31:41]} {[%emt 00:05:29]} 18. Ne4 {[%clk
00:58:32]} {[%emt 00:01:05]} Bf5 {[%clk 00:30:07]} {[%emt 00:02:04]} 19. Rh1
{[%clk 00:58:30]} {[%emt 00:00:31]} Be7 {[%clk 00:28:02]} {[%emt 00:02:35]} 20.
b4 {[%clk 00:55:40]} {[%emt 00:03:20]} a6 {[%clk 00:24:40]} {[%emt 00:03:54]}
21. a4 {[%clk 00:55:39]} {[%emt 00:00:31]} Bd6 {[%clk 00:24:41]} {[%emt
00:00:27]} 22. b5 {[%clk 00:47:53]} {[%emt 00:08:17]} axb5 {[%clk 00:24:59]}
{[%emt 00:00:13]} 23. axb5 {[%clk 00:48:07]} {[%emt 00:00:14]} Nd8 {[%clk
00:24:33]} {[%emt 00:00:55]} 24. Nxd6 {[%clk 00:40:46]} {[%emt 00:07:52]} cxd6
{[%clk 00:24:34]} {[%emt 00:00:29]} 25. Ba3 {[%clk 00:39:09]} {[%emt 00:02:07]}
Ne6 {[%clk 00:22:05]} {[%emt 00:03:00]} 26. Qd2 {[%clk 00:31:40]} {[%emt
00:07:59]} Qd8 {[%clk 00:15:59]} {[%emt 00:06:37]} 27. h4 {[%clk 00:31:19]}
{[%emt 00:00:50]} Bg4 {[%clk 00:15:08]} {[%emt 00:01:21]} 28. Rag1 {[%clk
00:24:53]} {[%emt 00:06:56]} Nc5 {[%emt 00:02:33]} 29. h5 {[%clk 00:18:40]}
{[%emt 00:06:40]} Qe7 {[%clk 00:10:57]} {[%emt 00:02:42]} 30. Bxc5 {[%clk
00:13:00]} {[%emt 00:06:10]} dxc5 {[%clk 00:11:15]} {[%emt 00:00:13]} 31. Rh4
{[%clk 00:11:40]} {[%emt 00:01:49]} Bxf3+ {[%clk 00:10:50]} {[%emt 00:00:55]}
32. Kxf3 {[%clk 00:11:51]} {[%emt 00:00:18]} e4+ {[%clk 00:10:53]} {[%emt
00:00:29]} 33. dxe4 {[%clk 00:10:19]} {[%emt 00:02:02]} Nc4 {[%clk 00:11:10]}
{[%emt 00:00:12]} 34. Qd5 {[%clk 00:08:45]} {[%emt 00:02:04]} Ne5+ {[%emt
00:01:06]} 35. Ke2 {[%clk 00:08:40]} {[%emt 00:00:14]} Rd8 {[%clk 00:09:44]}
{[%emt 00:01:42]} 36. Qa2 {[%clk 00:08:27]} {[%emt 00:00:43]} f3+ {[%clk
00:09:03]} {[%emt 00:01:11]} 37. Ke3 {[%clk 00:06:29]} {[%emt 00:02:27]} Qd7
{[%clk 00:08:25]} {[%emt 00:01:10]} 38. Rd1 {[%clk 00:02:59]} {[%emt 00:03:59]}
Ng4+ {[%clk 00:08:43]} {[%emt 00:00:12]} 39. Rxg4 {[%clk 00:02:56]} {[%emt
00:00:32]} Qxg4 {[%clk 00:09:05]} {[%emt 00:00:08]} 40. Rxd8 {[%clk 00:02:27]}
{[%emt 00:00:59]} 0-1

[Event "DEM U18w 2025"]
[Site "Willingen GER"]
[Date "2025.06.14"]
[Round "9"]
[White "Loos, Tilda"]
[Black "Gyácsok, Dzvinka"]
[Result "1/2-1/2"]
[Termination "normal"]
[Board "10"]
[WhiteElo "1779"]
[BlackElo "1689"]
[WhiteClock "00:31:47"]
[BlackClock "00:12:40"]
[PlyCount "59"]
[WhiteFideId "34620559"]
[BlackFideId "16298292"]
[EventCountry "GER"]
[EventRounds "9"]
[EventType "swiss"]
[EventDate "2025.06.07"]

1. e4 {[%clk 01:30:59]} e5 {[%clk 01:30:55]} {[%emt 00:00:06]} 2. Nf3 {[%clk
01:31:26]} {[%emt 00:00:04]} Nc6 {[%clk 01:31:11]} {[%emt 00:00:14]} 3. Nc3
{[%clk 01:31:51]} {[%emt 00:00:04]} Nf6 {[%clk 01:31:04]} {[%emt 00:00:37]} 4.
a3 {[%clk 01:32:16]} {[%emt 00:00:05]} Be7 {[%clk 01:28:03]} {[%emt 00:03:29]}
5. d4 {[%clk 01:31:58]} {[%emt 00:00:49]} exd4 {[%clk 01:25:23]} {[%emt
00:03:10]} 6. Nxd4 {[%clk 01:32:20]} {[%emt 00:00:08]} d6 {[%clk 01:21:50]}
{[%emt 00:04:04]} 7. Be3 {[%clk 01:25:18]} {[%emt 00:07:33]} O-O {[%clk
01:18:40]} {[%emt 00:03:39]} 8. Bc4 {[%clk 01:23:44]} {[%emt 00:02:04]} Nxe4
{[%clk 01:10:58]} {[%emt 00:08:13]} 9. Bxf7+ {[%clk 01:22:31]} {[%emt
00:01:42]} Rxf7 {[%clk 01:09:03]} {[%emt 00:02:25]} 10. Nxe4 {[%clk 01:22:28]}
{[%emt 00:00:34]} Nxd4 {[%clk 01:04:37]} {[%emt 00:04:56]} 11. Qxd4 {[%clk
01:19:51]} {[%emt 00:03:06]} d5 {[%clk 01:02:02]} {[%emt 00:03:05]} 12. Nc3
{[%clk 01:17:41]} {[%emt 00:02:41]} c6 {[%clk 00:59:06]} {[%emt 00:03:26]} 13.
O-O-O {[%clk 01:11:34]} {[%emt 00:06:37]} Qc7 {[%clk 00:50:56]} {[%emt
00:08:40]} 14. Ne2 {[%clk 01:09:02]} {[%emt 00:03:02]} Bf6 {[%clk 00:48:51]}
{[%emt 00:02:35]} 15. Qb4 {[%clk 01:06:32]} {[%emt 00:03:01]} a5 {[%clk
00:45:01]} {[%emt 00:04:20]} 16. Qb6 {[%clk 01:05:16]} {[%emt 00:01:47]} Qd7
{[%clk 00:40:48]} {[%emt 00:04:42]} 17. Rhe1 {[%clk 01:00:02]} {[%emt
00:05:44]} Ra6 {[%clk 00:39:30]} {[%emt 00:01:48]} 18. Qb3 {[%clk 00:59:56]}
{[%emt 00:00:36]} b5 {[%clk 00:37:21]} {[%emt 00:02:39]} 19. Bc5 {[%clk
00:51:48]} {[%emt 00:08:38]} Be7 {[%clk 00:32:34]} {[%emt 00:05:17]} 20. Bxe7
{[%clk 00:51:25]} {[%emt 00:00:54]} Qxe7 {[%clk 00:31:27]} {[%emt 00:01:36]}
21. Nd4 {[%clk 00:48:58]} {[%emt 00:02:57]} Qg5+ {[%clk 00:28:43]} {[%emt
00:03:14]} 22. Kb1 {[%clk 00:46:09]} {[%emt 00:03:19]} Bd7 {[%clk 00:27:16]}
{[%emt 00:01:57]} 23. Qg3 {[%clk 00:43:03]} {[%emt 00:03:36]} Qxg3 {[%clk
00:23:58]} {[%emt 00:03:48]} 24. fxg3 {[%clk 00:43:24]} {[%emt 00:00:09]} Ra8
{[%clk 00:21:45]} {[%emt 00:02:43]} 25. Nf3 {[%clk 00:43:21]} {[%emt 00:00:34]}
Bf5 {[%clk 00:17:10]} {[%emt 00:05:05]} 26. Ne5 {[%clk 00:41:23]} {[%emt
00:02:27]} Rc7 {[%clk 00:16:40]} {[%emt 00:01:00]} 27. Nf3 {[%clk 00:40:12]}
{[%emt 00:01:40]} b4 {[%clk 00:15:59]} {[%emt 00:01:13]} 28. Re3 {[%clk
00:37:54]} {[%emt 00:02:48]} Rb8 {[%clk 00:14:41]} {[%emt 00:01:48]} 29. Kc1
{[%clk 00:35:30]} {[%emt 00:02:54]} Rcb7 {[%clk 00:12:40]} {[%emt 00:02:31]}
30. Nd4 {[%clk 00:31:47]} {[%emt 00:04:12]} 1/2-1/2

[Event "DEM U18w 2025"]
[Site "Willingen GER"]
[Date "2025.06.14"]
[Round "9"]
[White "Loos, Violeta"]
[Black "Stepanjan, Marianne"]
[Result "1/2-1/2"]
[Termination "normal"]
[Board "11"]
[WhiteElo "1544"]
[BlackElo "1712"]
[WhiteClock "00:37:20"]
[BlackClock "00:18:31"]
[PlyCount "57"]
[WhiteFideId "34605290"]
[BlackFideId "16246110"]
[EventCountry "GER"]
[EventRounds "9"]
[EventType "swiss"]
[EventDate "2025.06.07"]

1. d4 {[%clk 01:30:58]} {[%emt 00:00:01]} Nf6 {[%clk 01:30:56]} {[%emt
00:00:04]} 2. Nc3 {[%clk 01:31:21]} {[%emt 00:00:07]} d5 {[%clk 01:27:22]}
{[%emt 00:04:04]} 3. Bf4 {[%clk 01:31:42]} {[%emt 00:00:09]} e6 {[%clk
01:22:42]} {[%emt 00:05:11]} 4. Nf3 {[%clk 01:28:20]} {[%emt 00:03:52]} Bd6
{[%clk 01:20:30]} {[%emt 00:02:42]} 5. Bxd6 {[%clk 01:26:53]} {[%emt 00:01:56]}
cxd6 {[%clk 01:20:03]} {[%emt 00:00:58]} 6. e3 {[%clk 01:25:37]} {[%emt
00:01:46]} O-O {[%clk 01:19:59]} {[%emt 00:00:34]} 7. Qd2 {[%clk 01:24:30]}
{[%emt 00:01:37]} Nc6 {[%clk 01:07:31]} {[%emt 00:12:58]} 8. h4 {[%clk
01:14:54]} Ne4 {[%clk 01:02:10]} {[%emt 00:15:56]} 9. Nxe4 {[%clk 01:10:52]}
dxe4 {[%clk 01:02:31]} {[%emt 00:04:40]} 10. Ng1 {[%clk 01:09:46]} Qb6 {[%clk
00:59:08]} {[%emt 00:05:30]} 11. O-O-O {[%clk 01:07:18]} Nb4 {[%clk 00:56:35]}
{[%emt 00:06:02]} 12. a3 {[%clk 01:05:04]} Nd5 {[%clk 00:55:03]} {[%emt
00:04:44]} 13. Ne2 {[%clk 01:01:36]} Bd7 {[%clk 00:53:31]} {[%emt 00:06:00]}
14. Nf4 {[%clk 00:57:41]} Rac8 {[%clk 00:50:56]} {[%emt 00:07:29]} 15. Nxd5
{[%clk 00:57:15]} exd5 {[%clk 00:51:17]} {[%emt 00:01:06]} 16. Qb4 {[%clk
00:52:37]} Qxb4 {[%clk 00:35:25]} {[%emt 00:21:30]} 17. axb4 {[%clk 00:53:01]}
Ba4 {[%clk 00:34:49]} {[%emt 00:01:11]} 18. Rd2 {[%clk 00:52:12]} Bb3 {[%clk
00:29:08]} {[%emt 00:07:27]} 19. Kb1 {[%clk 00:45:04]} Bc4 {[%clk 00:27:43]}
{[%emt 00:09:36]} 20. b3 {[%clk 00:43:54]} Bxf1 {[%clk 00:27:20]} {[%emt
00:02:33]} 21. Rxf1 {[%clk 00:44:18]} f5 {[%clk 00:27:05]} {[%emt 00:00:52]}
22. g3 {[%clk 00:42:02]} h6 {[%clk 00:27:15]} {[%emt 00:03:06]} 23. Rh1 {[%clk
00:42:05]} g6 {[%clk 00:26:41]} {[%emt 00:01:31]} 24. Kb2 {[%clk 00:40:22]} a6
{[%clk 00:24:00]} {[%emt 00:05:24]} 25. Rdd1 {[%clk 00:40:17]} Rc6 {[%clk
00:22:57]} {[%emt 00:02:06]} 26. Ra1 {[%clk 00:38:51]} Rfc8 {[%clk 00:21:37]}
{[%emt 00:03:47]} 27. Rac1 {[%clk 00:38:07]} Kg7 {[%clk 00:20:48]} {[%emt
00:02:34]} 28. Rhg1 {[%clk 00:37:47]} h5 {[%clk 00:18:31]} {[%emt 00:03:37]}
29. Rgf1 {[%clk 00:37:20]} 1/2-1/2

[Event "DEM U18w 2025"]
[Site "Willingen GER"]
[Date "2025.06.14"]
[Round "9"]
[White "Margaryan, Sofia"]
[Black "Ottlik, Marie"]
[Result "1-0"]
[Termination "normal"]
[Board "12"]
[WhiteElo "1564"]
[BlackElo "1744"]
[WhiteClock "00:02:19"]
[BlackClock "00:02:58"]
[PlyCount "73"]
[WhiteFideId "16268229"]
[BlackFideId "16281730"]
[EventCountry "GER"]
[EventRounds "9"]
[EventType "swiss"]
[EventDate "2025.06.07"]

1. d4 {[%clk 01:30:58]} {[%emt 00:00:01]} d5 {[%clk 01:30:55]} {[%emt
00:00:06]} 2. c4 {[%clk 01:31:23]} {[%emt 00:00:04]} e6 {[%clk 01:31:20]}
{[%emt 00:00:06]} 3. Nc3 {[%clk 01:31:40]} {[%emt 00:00:13]} Be7 {[%clk
01:31:40]} {[%emt 00:00:10]} 4. cxd5 {[%clk 01:30:50]} {[%emt 00:01:21]} exd5
{[%clk 01:31:57]} {[%emt 00:00:13]} 5. Bf4 {[%clk 01:31:09]} {[%emt 00:00:09]}
c6 {[%clk 01:27:29]} {[%emt 00:04:59]} 6. e3 {[%clk 01:27:42]} {[%emt
00:03:57]} Bf5 {[%clk 01:22:38]} {[%emt 00:05:21]} 7. Bd3 {[%clk 01:22:41]}
{[%emt 00:05:30]} Bxd3 {[%clk 01:21:13]} {[%emt 00:01:56]} 8. Qxd3 {[%clk
01:23:04]} {[%emt 00:00:07]} Nf6 {[%clk 01:20:12]} {[%emt 00:01:32]} 9. Nge2
{[%clk 01:19:23]} {[%emt 00:04:09]} O-O {[%clk 01:16:09]} {[%emt 00:04:35]} 10.
O-O {[%clk 01:17:38]} {[%emt 00:02:15]} Re8 {[%clk 01:11:22]} {[%emt 00:05:17]}
11. f3 {[%clk 01:12:21]} {[%emt 00:05:47]} Nh5 {[%clk 00:51:11]} {[%emt
00:20:40]} 12. Bg3 {[%clk 01:11:22]} {[%emt 00:01:29]} Nxg3 {[%clk 00:39:55]}
{[%emt 00:11:46]} 13. Nxg3 {[%clk 01:11:45]} {[%emt 00:00:06]} Bd6 {[%clk
00:31:34]} {[%emt 00:08:52]} 14. Nf5 {[%clk 00:56:46]} {[%emt 00:15:27]} Bc7
{[%clk 00:29:40]} {[%emt 00:02:24]} 15. e4 {[%clk 00:50:05]} {[%emt 00:07:11]}
Na6 {[%clk 00:16:46]} {[%emt 00:13:25]} 16. a3 {[%clk 00:48:22]} {[%emt
00:02:13]} g6 {[%clk 00:15:15]} {[%emt 00:02:00]} 17. Ne3 {[%clk 00:30:26]}
{[%emt 00:18:26]} dxe4 {[%clk 00:09:20]} {[%emt 00:06:25]} 18. Nxe4 {[%clk
00:29:17]} {[%emt 00:01:38]} Be5 {[%clk 00:07:31]} {[%emt 00:02:20]} 19. Rad1
{[%clk 00:27:14]} {[%emt 00:02:33]} Bg7 {[%clk 00:07:50]} {[%emt 00:00:11]} 20.
b4 {[%clk 00:26:14]} {[%emt 00:01:30]} Nc7 {[%clk 00:08:01]} {[%emt 00:00:19]}
21. d5 {[%clk 00:21:07]} {[%emt 00:05:37]} cxd5 {[%clk 00:07:23]} {[%emt
00:01:08]} 22. Nxd5 {[%clk 00:20:58]} {[%emt 00:00:38]} Nxd5 {[%clk 00:07:21]}
{[%emt 00:00:33]} 23. Qxd5 {[%clk 00:21:22]} {[%emt 00:00:05]} Qb6+ {[%clk
00:07:00]} {[%emt 00:00:50]} 24. Kh1 {[%clk 00:21:10]} {[%emt 00:00:43]} Rad8
{[%clk 00:07:02]} {[%emt 00:00:30]} 25. Qb3 {[%clk 00:19:27]} {[%emt 00:02:11]}
Rd4 {[%clk 00:06:07]} {[%emt 00:01:25]} 26. Ng5 {[%clk 00:15:12]} {[%emt
00:04:45]} Re7 {[%clk 00:05:10]} {[%emt 00:01:28]} 27. Rde1 {[%clk 00:08:39]}
{[%emt 00:07:04]} Rdd7 {[%clk 00:04:20]} {[%emt 00:01:19]} 28. Rxe7 {[%clk
00:07:10]} {[%emt 00:01:59]} Rxe7 {[%clk 00:04:46]} {[%emt 00:00:05]} 29. Rc1
{[%clk 00:07:23]} {[%emt 00:00:18]} Qd8 {[%clk 00:03:07]} {[%emt 00:02:08]} 30.
Rd1 {[%clk 00:07:21]} {[%emt 00:00:32]} Qc7 {[%clk 00:02:54]} {[%emt 00:00:44]}
31. a4 {[%clk 00:04:51]} {[%emt 00:02:59]} h6 {[%clk 00:02:56]} {[%emt
00:00:28]} 32. Ne4 {[%clk 00:05:13]} {[%emt 00:00:07]} Rd7 {[%clk 00:02:30]}
{[%emt 00:00:57]} 33. Rxd7 {[%clk 00:04:44]} {[%emt 00:00:58]} Qxd7 {[%clk
00:02:57]} {[%emt 00:00:03]} 34. b5 {[%clk 00:03:27]} {[%emt 00:01:47]} b6
{[%clk 00:03:00]} {[%emt 00:00:27]} 35. h4 {[%clk 00:01:40]} {[%emt 00:02:17]}
Be5 {[%clk 00:02:52]} {[%emt 00:00:37]} 36. f4 {[%clk 00:01:55]} {[%emt
00:00:14]} Bxf4 {[%clk 00:02:58]} {[%emt 00:00:24]} 37. Nf6+ {[%clk 00:02:19]}
{[%emt 00:00:07]} 1-0